000 00525nam a2200205Ia 4500
003 OSt
005 20250228131226.0
008 210210b1953 xxu||||| |||| 00| 0 eng d
040 _cAL
041 _ahin
082 _aH891.2 PREU
100 _aPREMI (Harikrashn):
_9202995
110 _bप्रेमी हरिकृष्ण
_9202996
245 _aUddar:
_bउद्दार
260 _aDilli
_bAtmaram end Sanj
_c1953
300 _a130
690 _aHindi Drama
_9202997
906 _a028093
942 _2ddc
_cBK
999 _c79354
_d79354